Terrorismus - Rechtsfragen der äußeren und inneren Sicherheit
| Corporate Author: | |
|---|---|
| Contributors: | ; ; |
| Format: | Print Book |
| Language: | German |
| Published: |
Baden-Baden
Nomos-Verlagsgesellschaft
2002
|
| In: | Year: 2002 |
| Edition: | 1. Aufl. |
| Online Access: |
Table of Contents Table of Contents |
| Availability in Tübingen: | Present in Tübingen. IFK: C IX 482 |
| Check availability: | HBZ Gateway |
| Subito Delivery Service: | Order now. |
| Volumes / Articles: | Show volumes/articles. |
| Keywords: |
MARC
| LEADER | 00000cam a2200000 c 4500 | ||
|---|---|---|---|
| 001 | 355862948 | ||
| 003 | DE-627 | ||
| 005 | 20260206194309.0 | ||
| 007 | tu | ||
| 008 | 021101s2002 gw ||||| 00| ||ger c | ||
| 010 | |a 2003709369 | ||
| 015 | |a 02,N46,0144 |2 dnb | ||
| 015 | |a 03,A15,0917 |2 dnb | ||
| 016 | 7 | |a 965443663 |2 DE-101 | |
| 020 | |a 3789082961 | ||
| 024 | 3 | |a 9783789082962 | |
| 035 | |a (DE-627)355862948 | ||
| 035 | |a (DE-603)107917106 | ||
| 035 | |a (DE-576)102090017 | ||
| 035 | |a (DE-599)GBV355862948 | ||
| 035 | |a (OCoLC)248722448 | ||
| 035 | |a (OCoLC)52159441 | ||
| 035 | |a (DE-615)00532596 | ||
| 035 | |a (DE-H357)his25825 | ||
| 040 | |a DE-627 |b ger |c DE-627 |e rakwb | ||
| 041 | |a ger | ||
| 044 | |c XA-DE | ||
| 050 | 0 | |a KZ7220.A8 | |
| 082 | 0 | 4 | |a 323.34 |q njb |
| 084 | |a 19 |2 sdnb | ||
| 084 | |a 16 |2 sdnb | ||
| 084 | |a 16 |a 19 |2 sdnb | ||
| 084 | |a 19 |a 16 |2 sdnb | ||
| 084 | |a RA01.01 |2 fivr | ||
| 084 | |a RA05.01 |2 fivr | ||
| 084 | |a SF06.02 |2 fivs | ||
| 084 | |a SB03 |2 fivs | ||
| 084 | |a 3,6 |2 ssgn | ||
| 084 | |a MD 8920 |2 rvk |0 (DE-625)rvk/122569: | ||
| 084 | |a PR 2358 |2 rvk |0 (DE-625)rvk/139581: | ||
| 084 | |a PC 4630 |2 rvk |0 (DE-625)rvk/135081: | ||
| 084 | |a PH 8760 |2 rvk |0 (DE-625)rvk/136518: | ||
| 084 | |a 89.58 |2 bkl | ||
| 084 | |a 86.84 |2 bkl | ||
| 084 | |a 86.33 |2 bkl | ||
| 090 | |a a | ||
| 245 | 0 | 0 | |a Terrorismus - Rechtsfragen der äußeren und inneren Sicherheit |c Symposium für Hans Peter Bull und Helmut Rittstieg am 31. Mai 2002 / Hans-Joachim Koch [Hrsg.] |
| 250 | |a 1. Aufl. | ||
| 263 | |a brosch. : EUR 22.00, sfr 38.70 | ||
| 264 | 1 | |a Baden-Baden |b Nomos-Verlagsgesellschaft |c 2002 | |
| 300 | |a 152 S. |c 23 cm | ||
| 336 | |a Text |b txt |2 rdacontent | ||
| 337 | |a ohne Hilfsmittel zu benutzen |b n |2 rdamedia | ||
| 338 | |a Band |b nc |2 rdacarrier | ||
| 505 | 8 | |a Lutz, D. S.: Was ist Terrorismus? Definitionen, Wandel, Perspektiven. - S. 9-27. Oeter, S.: Terrorismus - ein völkerrechtliches Verbrechen? - S. 29-50. Bruha, T.: Neuer internationaler Terrorismus: Völkerrecht im Wandel? - S. 51-82. Denninger, E.: Freiheit durch Sicherheit? - S. 83-92. Gusy, C.: Geheimdienstliche Aufklärung und Verfassungsschutz. - S. 93-119. Baldus, M.: Der Beitrag des Europäischen Polizeiamtes (Europol) zur Bekämpfung des Terrorismus. - S. 121-137. Mehde, V.: Podiumsdiskussion: Sicherheit um welchen Preis? - S. 139-143. | |
| 583 | 1 | |a Archivierung/Langzeitarchivierung gewährleistet |f PEBW |x XA-DE-BW |2 pdager |5 DE-31 | |
| 583 | 1 | |a Archivierung prüfen |c 20240324 |f DE-4165 |z 1 |2 pdager | |
| 610 | 2 | 7 | |0 (DE-588)5098525-5 |0 (DE-627)132918269 |0 (DE-576)194702391 |a Europäische Union |2 gnd |
| 650 | 0 | |a Terrorism (International law) |v Congresses | |
| 650 | 0 | |a Terrorism |x Prevention |x Law and legislation |v Congresses | |
| 650 | 0 | |a Terrorism |z Germany |x Prevention |x Law and legislation |v Congresses | |
| 650 | 0 | 7 | |0 (DE-588)4059534-1 |0 (DE-627)106143212 |0 (DE-576)209131136 |a Terrorismus |2 gnd |
| 650 | 0 | 7 | |0 (DE-588)4116489-1 |0 (DE-627)104325224 |0 (DE-576)209502010 |a Sicherheitspolitik |2 gnd |
| 650 | 0 | 7 | |0 (DE-588)4048737-4 |0 (DE-627)106189719 |0 (DE-576)20907907X |a Recht |2 gnd |
| 650 | 4 | |a Terrorismus | |
| 650 | 4 | |a Internationaler Terrorismus | |
| 650 | 4 | |a Völkerrecht | |
| 650 | 4 | |a Geheimdienst | |
| 655 | 7 | |a Konferenzschrift |y 2002 |z Hamburg |0 (DE-588)1071861417 |0 (DE-627)826484824 |0 (DE-576)433375485 |2 gnd-content | |
| 655 | 7 | |a Festschrift |0 (DE-588)4016928-5 |0 (DE-627)104400986 |0 (DE-576)208917802 |2 gnd-content | |
| 689 | 0 | 0 | |d s |0 (DE-588)4059534-1 |0 (DE-627)106143212 |0 (DE-576)209131136 |a Terrorismus |2 gnd |
| 689 | 0 | 1 | |d s |0 (DE-588)4116489-1 |0 (DE-627)104325224 |0 (DE-576)209502010 |a Sicherheitspolitik |2 gnd |
| 689 | 0 | 2 | |d s |0 (DE-588)4048737-4 |0 (DE-627)106189719 |0 (DE-576)20907907X |a Recht |2 gnd |
| 689 | 0 | |5 DE-101 | |
| 700 | 1 | |a Koch, Hans-Joachim |d 1944- |e Hrsg. |0 (DE-588)139479872 |0 (DE-627)611272229 |0 (DE-576)312020961 |4 edt | |
| 700 | 1 | |a Bull, Hans Peter |d 1936- |e GefeierteR |0 (DE-588)123487579 |0 (DE-627)082583684 |0 (DE-576)160479185 |4 hnr | |
| 700 | 1 | |a Rittstieg, Helmut |d 1939-2002 |e GefeierteR |0 (DE-588)124471706 |0 (DE-627)363370579 |0 (DE-576)162741839 |4 hnr | |
| 711 | 2 | |a Symposium für Hans Peter Bull und Helmut Rittstieg |d 2002 |c Hamburg |0 (DE-588)10045748-4 |0 (DE-627)35561149X |0 (DE-576)199292434 |4 oth | |
| 856 | 4 | 2 | |u http://bvbr.bib-bvb.de:8991/F?func=service&doc_library=BVB01&doc_number=010046099&line_number=0001&func_code=DB_RECORDS&service_type=MEDIA |m V:DE-604 |q application/pdf |v 20090731000000 |3 Inhaltsverzeichnis |7 1 |
| 856 | 4 | 2 | |u http://scans.hebis.de/HEBCGI/show.pl?10791710_toc.pdf |m V:DE-604 |q application/pdf |3 Inhaltsverzeichnis |7 1 |
| 935 | |i sf | ||
| 935 | |i Blocktest | ||
| 936 | r | v | |a MD 8920 |b Terror, Gewalt, Mord |k Politologie |k Politische Theorie, Grundbegriffe des Politischen |k Politische Auseinandersetzung |k Terror, Gewalt, Mord |0 (DE-627)1271426560 |0 (DE-625)rvk/122569: |0 (DE-576)201426560 |
| 936 | r | v | |a PR 2358 |b Umsturz, UB Revolution |k Rechtswissenschaft |k Völkerrecht |k Sonstige völkerrechtliche Materien |k Umsturz, UB Revolution |0 (DE-627)1271420880 |0 (DE-625)rvk/139581: |0 (DE-576)201420880 |
| 936 | r | v | |a PC 4630 |b Für Personen |k Rechtswissenschaft |k Allgemeines zum juristischen Studium und zur Rechtswissenschaft |k Festschriften, Sammelwerke |k Für Personen |0 (DE-627)127072195X |0 (DE-625)rvk/135081: |0 (DE-576)20072195X |
| 936 | r | v | |a PH 8760 |b Raub; Erpressung; Geiselnahme; Luftpiraterie; Politisch motivierte Gewaltverbrechen; Terrorismus; Gewalt gegen Ausländer |k Rechtswissenschaft |k Strafrecht, Strafverfahrensrecht, Kriminologie |k Kriminologie |k Einzelne Deliktsgruppen |k Gewaltkriminalität, Gewaltdelikt |k Raub; Erpressung; Geiselnahme; Luftpiraterie; Politisch motivierte Gewaltverbrechen; Terrorismus; Gewalt gegen Ausländer |0 (DE-627)1271914344 |0 (DE-625)rvk/136518: |0 (DE-576)201914344 |
| 936 | b | k | |a 89.58 |j Politische Gewalt |0 (DE-627)106416960 |
| 936 | b | k | |a 86.84 |j Völkerrecht: Allgemeines |0 (DE-627)106403982 |
| 936 | b | k | |a 86.33 |j Strafrecht: Allgemeines |0 (DE-627)106422413 |
| 936 | f | i | |0 (DE-627)1756131406 |a RA01.01 |b EU/EG sowie Mitgliedsländer |k Europa |k Europäische Organisationen |k EU/EG sowie Mitgliedsländer |2 fivr |
| 936 | f | i | |0 (DE-627)1756131678 |a RA05.01 |b Deutschland |k Europa |k Mitteleuropa |k Deutschland |2 fivr |
| 936 | f | i | |0 (DE-627)1756135835 |a SF06.02 |b Terrorismus |k Staat |k Innere Sicherheit/Innerstaatlicher Konflikt |k Terrorismus |2 fivs |
| 936 | f | i | |0 (DE-627)1756135312 |a SB03 |b Internationales Recht/Völkerrecht |k Internationale(s) Politik/System |k Internationales Recht/Völkerrecht |2 fivs |
| 936 | s | n | |a p100 |2 mzub |
| 936 | s | n | |a m100 |2 mzub |
| 938 | 1 | 0 | |0 (DE-627)132918269 |0 (DE-588)5098525-5 |a Europäische Union |2 gnd |2 fivt |
| 938 | 1 | 0 | |0 (DE-627)175614625X |0 (DE-615)6603417 |a Deutschland |2 fivt |
| 938 | 1 | 0 | |0 (DE-627)1756207607 |0 (DE-615)6608867 |a Bedrohungsvorstellungen (Sicherheitspolitik) |2 fivt |
| 938 | 1 | 0 | |0 (DE-627)1756222029 |0 (DE-615)6601433 |a Internationaler Terrorismus |2 fivt |
| 938 | 1 | 0 | |0 (DE-627)1756231834 |0 (DE-615)6601088 |a Bedeutung/Rolle |2 fivt |
| 938 | 1 | 0 | |0 (DE-627)1756229627 |0 (DE-615)6606807 |a Völkerrecht |2 fivt |
| 938 | 1 | 0 | |0 (DE-627)1756145407 |0 (DE-615)6603626 |a Innere Sicherheit |2 fivt |
| 938 | 1 | 0 | |0 (DE-627)175620022X |0 (DE-615)6600564 |a Staatsbürgerrechte |2 fivt |
| 938 | 1 | 0 | |0 (DE-627)1756176663 |0 (DE-615)6603717 |a Internationale Zusammenarbeit |2 fivt |
| 938 | 1 | 0 | |0 (DE-627)1756188246 |0 (DE-615)6605275 |a Strafverfolgung |2 fivt |
| 938 | 1 | 1 | |0 (DE-627)335250114 |0 (DE-588)10028615-X |a Europol |2 gnd |2 fiva |
| 938 | 1 | 1 | |0 (DE-627)1756165599 |0 (DE-615)6601981 |a Freiheit |2 fiva |
| 938 | 1 | 1 | |0 (DE-627)1756220425 |0 (DE-615)6601518 |a Staatsschutzbehörde |2 fiva |
| 938 | 1 | 1 | |0 (DE-627)1756146330 |0 (DE-615)6603420 |a Geheimer Auslandsnachrichtendienst |2 fiva |
| 938 | 1 | 1 | |0 (DE-627)340125586 |0 (DE-588)4667841-4 |a Elfter September |2 gnd |2 fiva |
| 951 | |a BO | ||
| ELC | |b 1 | ||
| LOK | |0 000 xxxxxcx a22 zn 4500 | ||
| LOK | |0 001 3083506023 | ||
| LOK | |0 003 DE-627 | ||
| LOK | |0 004 355862948 | ||
| LOK | |0 005 20100521164630 | ||
| LOK | |0 008 030127||||||||||||||||ger||||||| | ||
| LOK | |0 040 |a DE-21-24 |c DE-627 |d DE-21-24 | ||
| LOK | |0 541 |e 03/445 | ||
| LOK | |0 689 |a s |a Terrorismus (Öffentliches Recht) | ||
| LOK | |0 689 |a s |a Bull, Hans Peter | ||
| LOK | |0 689 |a s |a Rittstieg, Helmut | ||
| LOK | |0 852 |a DE-21-24 | ||
| LOK | |0 852 1 |c Oe A,IVd,122 |m p |9 00 | ||
| LOK | |0 936ln |a Oe A,IVd, | ||
| LOK | |0 938 |k p | ||
| LOK | |0 939 |a 27-01-03 |b l01 | ||
| LOK | |0 000 xxxxxcx a22 zn 4500 | ||
| LOK | |0 001 308350604X | ||
| LOK | |0 003 DE-627 | ||
| LOK | |0 004 355862948 | ||
| LOK | |0 005 20030808000000 | ||
| LOK | |0 008 030808||||||||||||||||ger||||||| | ||
| LOK | |0 040 |a DE-21-110 |c DE-627 |d DE-21-110 | ||
| LOK | |0 852 |a DE-21-110 | ||
| LOK | |0 852 1 |c C IX 482 |m p |9 00 | ||
| LOK | |0 935 |a k110 | ||
| LOK | |0 936ln |a 10.2 | ||
| LOK | |0 938 |k p | ||
| LOK | |0 939 |a 08-08-03 |b l01 | ||
| LOK | |0 000 xxxxxcx a22 zn 4500 | ||
| LOK | |0 001 3083507011 | ||
| LOK | |0 003 DE-627 | ||
| LOK | |0 004 355862948 | ||
| LOK | |0 005 20030127000000 | ||
| LOK | |0 008 021209||||||||||||||||ger||||||| | ||
| LOK | |0 040 |a DE-Frei85 |c DE-627 |d DE-Frei85 | ||
| LOK | |0 852 |a DE-Frei85 | ||
| LOK | |0 852 1 |m p |9 00 | ||
| LOK | |0 938 |k p | ||
| LOK | |0 939 |a 09-12-02 |b l01 | ||
| ORI | |a WA-MARC-krimdokb001.raw | ||
| SIG | |a IFK: C IX 482 | ||
| SPR | |a 1 |t KRI | ||
| TIM | |a 100020020101_100020021231 |b 2002 - 2002 | ||
